Flags 1 - Statistics

General Stats
  • This quiz has been taken 11 times
  • The average score is 9 of 11
Answer Stats
Picture Answer % Correct
France
100%
Australia
90%
Brazil
90%
Germany
90%
Japan
90%
South africa
90%
Spain
90%
United States
90%
Uruguay
80%
Vietnam
70%
Peru
60%
No matching quizzes found
Score Distribution
Percent of People with Each Score
Percentile by Number Answered
Your Score History
You have not taken this quiz